Estudio y proyecto para mejorar el sistema de distribución urbana de alimentos en el distrito de Hatillo
में बचाया:
| निगमित लेखक: | |
|---|---|
| स्वरूप: | मूलपाठ |
| प्रकाशित: |
San José:
IFAM. PIMA
|
| टैग: |
टैग जोड़ें
कोई टैग नहीं, इस रिकॉर्ड को टैग करने वाले पहले व्यक्ति बनें!
|
MARC
| LEADER | 00000 a a2200000 04500 | ||
|---|---|---|---|
| 001 | 17147 | ||
| 003 | |||
| 040 | |||
| 090 | |a 006900 | ||
| 110 | |a Instituto de Fomento y Asesoría Municipal. Programa Integral de Mercadeo Agropecuario [Costa Rica] | ||
| 245 | |a Estudio y proyecto para mejorar el sistema de distribución urbana de alimentos en el distrito de Hatillo | ||
| 260 | |a San José: |b IFAM. PIMA | ||
| 300 | |a 144 p. | ||
| 999 | |c 10644 |d 10644 | ||
